Human development in South Asia 2003 : (Record no. 22659)

MARC details
000 -LEADER
fixed length control field 01407cam a2200349 a 4500
001 - CONTROL NUMBER
control field 13677188
003 - CONTROL NUMBER IDENTIFIER
control field BDDh-ASL
005 - DATE AND TIME OF LATEST TRANSACTION
control field 20231015030142.0
008 - FIXED-LENGTH DATA ELEMENTS--GENERAL INFORMATION
fixed length control field 040804s2004 enka b 000 0 eng d
010 ## - LIBRARY OF CONGRESS CONTROL NUMBER
LC control number 2004301671
020 ## - INTERNATIONAL STANDARD BOOK NUMBER
International Standard Book Number 019597803X
035 ## - SYSTEM CONTROL NUMBER
System control number (OCoLC)ocm55858647
040 ## - CATALOGING SOURCE
Original cataloging agency PSC
Transcribing agency PSC
Modifying agency DLC
-- BDDh-ASL
042 ## - AUTHENTICATION CODE
Authentication code lccopycat
050 00 - LIBRARY OF CONGRESS CALL NUMBER
Classification number HD5812.57.A6
Item number H855 2004
082 ## - DEWEY DECIMAL CLASSIFICATION NUMBER
Classification number 370.1135
Item number HUM
245 00 - TITLE STATEMENT
Title Human development in South Asia 2003 :
Remainder of title the employment challenge /
Statement of responsibility, etc. published for the Mahbub ul Haq Development Centre .
260 ## - PUBLICATION, DISTRIBUTION, ETC.
Place of publication, distribution, etc. Oxford :
Name of publisher, distributor, etc. Oxford University Press,
Date of publication, distribution, etc. 2004.
300 ## - PHYSICAL DESCRIPTION
Extent xvi, 200 p. :
Other physical details col. ill. ;
Dimensions 29 cm.
504 ## - BIBLIOGRAPHY, ETC. NOTE
Bibliography, etc. note Includes bibliographical references (p. [163]-173).
650 #0 - SUBJECT ADDED ENTRY--TOPICAL TERM
Topical term or geographic name entry element Employment
Geographic subdivision South Asia.
650 #0 - SUBJECT ADDED ENTRY--TOPICAL TERM
Topical term or geographic name entry element Employment
General subdivision Economic aspects
Geographic subdivision South Asia.
650 #0 - SUBJECT ADDED ENTRY--TOPICAL TERM
Topical term or geographic name entry element Labor policy
Geographic subdivision South Asia.
650 #0 - SUBJECT ADDED ENTRY--TOPICAL TERM
Topical term or geographic name entry element Unemployment
Geographic subdivision South Asia.
650 #0 - SUBJECT ADDED ENTRY--TOPICAL TERM
Topical term or geographic name entry element Full employment policies
Geographic subdivision South Asia.
710 2# - ADDED ENTRY--CORPORATE NAME
Corporate name or jurisdiction name as entry element Mahbub ul Haq Human Development Centre.
856 41 - ELECTRONIC LOCATION AND ACCESS
Materials specified Table of contents only
Uniform Resource Identifier <a href="http://www.loc.gov/catdir/toc/fy046/2004301671.html">http://www.loc.gov/catdir/toc/fy046/2004301671.html</a>
856 42 - ELECTRONIC LOCATION AND ACCESS
Materials specified Publisher description
Uniform Resource Identifier <a href="http://www.loc.gov/catdir/enhancements/fy0620/2004301671-d.html">http://www.loc.gov/catdir/enhancements/fy0620/2004301671-d.html</a>
906 ## - LOCAL DATA ELEMENT F, LDF (RLIN)
a 7
b cbc
c copycat
d 2
e ncip
f 20
g y-gencatlg
942 ## - ADDED ENTRY ELEMENTS (KOHA)
Source of classification or shelving scheme Dewey Decimal Classification
Koha item type Books
Holdings
Withdrawn status Lost status Source of classification or shelving scheme Damaged status Not for loan Collection code Home library Current library Shelving location Date acquired Source of acquisition Total Checkouts Full call number Barcode Date last seen Copy number Price effective from Koha item type
    Dewey Decimal Classification     Non-fiction Asiatic Society Library Asiatic Society Library General Stacks 03/02/2021 ASB Collection   370.1135 HUM 106946 03/02/2021 C-1 03/02/2021 Books

Powered by Koha